000 00569pab a2200169 454500
008 180718b2004 xxu||||| |||| 00| 0 eng d
100 _aHero, Rodney, E.
245 _aMinority voices and citizen attitudes about government responsiveness in the American states: do social and institutional context matter
260 _c2004
300 _ap.109-121.
362 _aJan
650 _aUnited States - Politics and government
650 _aPolitics and government
700 _aTolbert, Caroline J.
773 _aBritish Journal of Political Science
909 _a60557
999 _c60557
_d60557